000 00780nam a2200265Ia 4500
003 OSt
005 20220928101708.0
006 a|||||r|||| 00| 0
007 ta
008 220927b |||||||| |||| 00| 0 eng d
020 _c200
024 _a114913
037 _b1741, 14/02/2012, Kiran Book Service
_cTextual
040 _aSDCL
_cSDCL
_beng
041 _2eng
_aeng
082 _aO152,6N031x, Q2
100 _aYashpal Au.
_9393841
245 0 _aMain kyon likhta hoon.
260 _aNew Delhi
_bVani Prakashan
_c2012
300 _a112p
_ccm.
650 _aHindi
_9391598
700 _a Anand Meena Ed.
_9393842
942 _hO152,6N031x, Q2
_cTEXL
_2CC
999 _c709415
_d709415